LEADER 03508nam a2200325 i 4500 001 000000028561 003 CaOOAMICUS 005 20210520114910.0 008 180830s1685 fr u000 u fre u 040 $aSeMil$bita 100 1 $aThomassin, Louis ,$d<1619-1695>.$0(OLS)http://semarc/name/606 245 10$aTraitez historiques et dogmatiques, sur divers points de la discipline de l'Eglise & de la morale chrétienne. 260 $aA Paris :$bChez François Muguet, imprimeur du Roy & de Mons. l'Archevesque, ruë de la Herpe aux trois Rois,$c1685-1693. 260 $aA Paris :$bChez Louis Roulland,$c1685-1693. 300 $av. ;$c8°. 650 4$aTeologia - Testi - Sec. 17.$0(OLS)http://semarc/subject/2241 700 1 $aMuguet, François$b.$0(OLS)http://semarc/name/13049 700 1 $aRoulland, Louis,$c.$0(OLS)http://semarc/name/13050 774 0 $aThomassin, Louis <1619-1695>$tMethode d'étudier et d'enseigner chrétiennement & solidement les lettres humaines par rapport aux lettres divines et aux écritures. Divisée en six parties. Dont les trois premieres regardent l'étude des poetes: et les trois suivantes celle des historiens, des philosophes, et des grammairiens. Par le P. L. Thomassin ..$dA Paris : Chez Muguet, imprimeur du Roy & de Mons. l'Archevesque, ruë de la Herpe aux trois Rois, 1681-1682.$w()28553 774 0 $aThomassin, Louis <1619-1695>$tMethode d'étudier et d'enseigner la grammaire, ou les langues, par rapport a l'Ecriture Sainte en les reduisant toutes à l'Hebreu ... par le P.L. Thomassin, prestre de l'Oratoire.$dA Paris : Chez Louis Roulland, 1693.$w()28557 774 0 $aThomassin, Louis <1619-1695>$tMethode d'étudier et d'enseigner chrétiennement et solidement les historiens profanes par rappor a la religion chrétienne, & aux Ecritures. Par le r.p. Louis Thomassin prêter de l'Oratoire. Tome 1. [-2.].$dA Paris : Chez Louis Roulland le fils, ruë S. Jacques, à Sain Loüis, 1693.$w()28560 774 0 $aThomassin, Louis <1619-1695>$tMethode d'étudier et d'enseigner chrêtiennement & solidement la philosophie par rapport a la religion chrestienne & aux Ecritures. Par le pere L. Thomassin, prestre de l'Oratoire.$dA Paris : Chez Louis Roulland, 1693.$w()65390 774 0 $tTome 1.$w()65396 774 0 $aThomassin, Louis <1619-1695>$tMethode d'étudier et d'enseigner chrêtiennement & solidement la philosophie par rapport a la religion chrestienne & aux Ecritures. Par le pere L. Thomassin, prestre de l'Oratoire.$dA Paris : Chez François Muguet, imprimeur du Roy & de Mons. l'Archevesque, ruë de la Herpe aux trois Rois, 1685.$w()65397 774 0 $tTome 2.$w()220545 774 0 $aThomassin, Louis <1619-1695>$tTraité de l'office divin pour les ecclesiastiques et les laiques. divisée en deux parties. La 1. de la liason avec l'oraison mentale, .. la 2. de ses origines & des changemens ... Par le R.P.L. Thomassin ...$dA Paris : Chez Louis Roulland, ruë saint Jacques; vis-à-vis saint Yves, à saint Louis, & aux Armes de la Reine, 1700.$w()246353 996 $6245$aTraitez historiques et dogmatiques, sur divers points de la discipline de l'Eglise & de la morale chrétienne$9(OLS)http://semarc/title/38773 996 $6260$aA Paris :$bChez Louis Roulland$9(OLS)http://semarc/publisher/37799 996 $6260$aA Paris :$bChez François Muguet, imprimeur du Roy & de Mons. l'Archevesque, ruë de la Herpe aux trois Rois$9(OLS)http://semarc/publisher/37796 LEADER 01251nam a2200289 i 4500 001 000000040640 003 CaOOAMICUS 005 20030120000000.0 008 030120s1987 fr u000 u fre u 013 $a11810 020 $a2-877-06000-4 040 $aSeMil$bita 100 1 $aLustiger, Jean-Marie .$0(OLS)http://semarc/name/4414 245 13$aLe choix de Dieu /$cJean-Marie Lustiger ; entretiens avec Jean-Louis Missika et Dominique Wolton. 260 $aParis :$bÉditions de Fallois,$ccopyr. 1987. 300 $a473 p. ;$c23 cm. 500 $aIn preliminari : Dedica autografa dell'Autore. - Fondo Card. C.M. Martini. 650 4$aChiesa e società.$0(OLS)http://semarc/subject/715 700 1 $aWolton, Dominique,$d<1947- >.$0(OLS)http://semarc/name/16458 700 1 $aMissika, Jean-Louis.$0(OLS)http://semarc/name/16457 850 $aSeMil 852 $aSeMil$W1$xVenegono$y1$m3E III 306/A$j6795$B6795$CSeMilBibl$Z2$F6795 $81 941 1 $a4 961 $aOmaggio: Martini Card. Carlo Maria 996 $6020$a2-877-06000-4$9(OLS)http://semarc/number/10963 996 $6245$aLe choix de Dieu$9(OLS)http://semarc/title/58475 996 $6260$aParis :$bÉditions de Fallois$9(OLS)http://semarc/publisher/40138